| 000 | 00350nam a2200145Ia 4500 | ||
|---|---|---|---|
| 008 | 230312s9999||||xx |||||||||||||| ||und|| | ||
| 020 | _a9781119453857 | ||
| 082 |
_a004.167 _bGOO-A |
||
| 100 | _aHughes,Bill | ||
| 245 | 0 | _aSamsung Galaxy S10 | |
| 260 |
_bWiley _aCanada _c2016 |
||
| 300 | _a366 | ||
| 650 |
_aComputer _vMobile Computing |
||
| 942 | _cBK | ||
| 999 |
_c16389 _d16389 |
||